Loading...
| Literature - European | 0 | 4 | 0 | 2 | 40 | 116 | 122.75 | 0 | 1 | 0.00 | 0.00 |
| History - Other | 0 | 3 | 0 | 2 | 30 | 102 | 107.00 | 0 | 0 | 0.00 | 0.00 |
| Religion | 0 | 3 | 0 | 1 | 30 | 84 | 109.00 | 0 | 0 | 0.00 | 0.00 |
| Literature - American | 0 | 3 | 1 | 0 | 25 | 56 | 76.67 | 0 | 1 | 0.00 | 0.00 |
| Painting/Sculpture | 0 | 2 | 0 | 0 | 20 | 90 | 101.50 | 0 | 0 | 0.00 | 0.00 |
| Literature - British | 0 | 2 | 1 | 0 | 15 | 117 | 117.50 | 0 | 0 | 0.00 | 0.00 |
| History - American | 0 | 1 | 0 | 0 | 10 | 82 | 82.00 | 0 | 0 | 0.00 | 0.00 |
| Pop Culture | 0 | 1 | 0 | 1 | 10 | 106 | 106.00 | 0 | 0 | 0.00 | 0.00 |
| Geography | 0 | 1 | 0 | 1 | 10 | 119 | 119.00 | 0 | 0 | 0.00 | 0.00 |
| Mythology | 0 | 1 | 0 | 1 | 10 | 108 | 108.00 | 0 | 0 | 0.00 | 0.00 |
| Philosophy | 0 | 1 | 0 | 0 | 10 | 91 | 91.00 | 0 | 0 | 0.00 | 0.00 |
| Social Science | 0 | 1 | 1 | 0 | 5 | 38 | 38.00 | 0 | 1 | 0.00 | 0.00 |
| Literature - World | 0 | 1 | 1 | 0 | 5 | 96 | 96.00 | 0 | 0 | 0.00 | 0.00 |
| History - European | 0 | 0 | 1 | 0 | -5 | 0.00 | 0 | 0 | 0.00 | 0.00 | |
| Science - Other | 0 | 0 | 1 | 0 | -5 | 0.00 | 0 | 0 | 0.00 | 0.00 | |
| Fine Arts - Classical Music | 0 | 0 | 1 | 0 | -5 | 0.00 | 0 | 0 | 0.00 | 0.00 |